000
00273nam a2200109Ia 4500
008
240731s9999 xx 000 0 und d
245
0
_a
Plant Foods for Man
260
_b
Taylor & Francis
856
_u
https://www.tandfonline.com/loi/iijf16
942
_2
ddc
942
_c
TFEJ
999
_c
78960
_d
78960
945
_a
1
_b
Madushi Gamage
_c
1
_d
Madushi Gamage